<?xml version="1.0" encoding="UTF-8"?>
<marc:record xmlns:marc="http://www.loc.gov/MARC21/slim">
   <marc:leader>00000nam a2200000 a 4500</marc:leader>
   <marc:datafield ind1="1" ind2=" " tag="100">
      <marc:subfield code="a">Monti, Rosa</marc:subfield>
      <marc:subfield code="4">aut</marc:subfield>
      <marc:subfield code="e">Verfasser/-in</marc:subfield>
   </marc:datafield>
   <marc:datafield ind1="0" ind2="0" tag="245">
      <marc:subfield code="a">Mord zwischen Pasta und Pedalen</marc:subfield>
   </marc:datafield>
   <marc:datafield ind1="0" ind2="0" tag="245">
      <marc:subfield code="b">Gardasee-Krimi</marc:subfield>
   </marc:datafield>
   <marc:datafield ind1=" " ind2="1" tag="264">
      <marc:subfield code="b">Gmeiner </marc:subfield>
      <marc:subfield code="c">2026</marc:subfield>
   </marc:datafield>
   <marc:datafield ind1="1" ind2=" " tag="490">
      <marc:subfield code="a">Altkomissar Heiner Krum</marc:subfield>
   </marc:datafield>
   <marc:datafield ind1="1" ind2=" " tag="520">
      <marc:subfield code="a">So haben sich Heiner Krum, Kommissar im Ruhestand, und seine kunstsinnige Frau Antonia ihren Urlaub am Gardasee nicht vorgestellt: Gleich am ersten Tag fährt den beiden ein Radprofi bei einer Trainingsfahrt ins Auto. Der junge Mann stürzt einen Abhang hinab und stirbt. Sofort erwacht Krums Spürsinn, endlich ist er wieder in seinem Element...</marc:subfield>
   </marc:datafield>
   <marc:datafield ind1=" " ind2=" " tag="020">
      <marc:subfield code="a">9783839280102</marc:subfield>
      <marc:subfield code="9">9783839280102</marc:subfield>
   </marc:datafield>
</marc:record>
